[Event "12th Delhi International Grandmasters Chess Tourna"]
[Site "Ludlow Castle,New Delhi (INDIA)"]
[Date "2014.01.09"]
[Round "1"]
[Board "1"]
[White "Matta, Vinay Kumar"]
[Black "Kravtsiv, Martyn"]
[Result "0-1"]
[WhiteElo "2256"]
[BlackElo "2628"]
[PlyCount "92"]
[EventDate "2014.01.09"]
[EventRounds "10"]
[EventCountry "IND"]

1. e4 e5 2. Nf3 Nc6 3. Bb5 a6 4. Bxc6 dxc6 5. O-O Bg4 6. h3 h5 7. d3 Qf6 8. Be3
Bxf3 9. Qxf3 Qxf3 10. gxf3 Bd6 11. Nd2 Ne7 12. c3 Ng6 13. Rfd1 O-O 14. Kf1 f5
15. Nc4 fxe4 16. fxe4 Rf3 17. Ke2 Rxh3 18. Rh1 Rxh1 19. Rxh1 h4 20. b4 Be7 21.
d4 exd4 22. cxd4 Rf8 23. a3 Nf4+ 24. Bxf4 Rxf4 25. f3 g5 26. Ne3 Kg7 27. Rg1
Kf7 28. Rc1 Ke8 29. Ng4 Rf8 30. Nf2 Kd7 31. Rg1 a5 32. Nh3 axb4 33. axb4 b5 34.
Nxg5 Bxb4 35. e5 Be7 36. Ne4 b4 37. Ke3 b3 38. Rb1 Rb8 39. Nd2 b2 40. f4 h3 41.
Rh1 c5 42. dxc5 Bxc5+ 43. Kf3 Ke6 44. Ke4 Rb4+ 45. Kd3 Rxf4 46. Rxh3 Rd4+ 0-1

[Event "12th Delhi International Grandmasters Chess Tourna"]
[Site "Ludlow Castle,New Delhi (INDIA)"]
[Date "2014.01.09"]
[Round "1"]
[Board "2"]
[White "Pantsulaia, Levan"]
[Black "Chatterjee, K.K."]
[Result "1-0"]
[WhiteElo "2614"]
[BlackElo "2244"]
[PlyCount "63"]
[EventDate "2014.01.09"]
[EventRounds "10"]
[EventCountry "IND"]

1. Nf3 Nf6 2. g3 c5 3. Bg2 Nc6 4. c4 g6 5. Nc3 Bg7 6. O-O O-O 7. d4 cxd4 8.
Nxd4 Ng4 9. e3 d6 10. b3 Bd7 11. Bb2 Qa5 12. Nd5 Rfe8 13. Bc3 Qd8 14. Qd2 Rc8
15. Nxc6 Rxc6 16. Bxg7 Kxg7 17. h3 Nh6 18. Qd4+ f6 19. Qxa7 Bc8 20. Rfd1 Nf7
21. Nb4 Rc5 22. Qxc5 dxc5 23. Rxd8 Rxd8 24. Nd5 Kf8 25. Nb6 Be6 26. Na4 Rc8 27.
Bxb7 Rc7 28. Bg2 h5 29. Nc3 Ng5 30. h4 Nf7 31. Nb5 Rd7 32. a4 1-0

[Event "12th Delhi International Grandmasters Chess Tourna"]
[Site "Ludlow Castle,New Delhi (INDIA)"]
[Date "2014.01.09"]
[Round "1"]
[Board "3"]
[White "Tillyaev, Ulugbek"]
[Black "Gupta, Abhijeet"]
[Result "0-1"]
[WhiteElo "2243"]
[BlackElo "2606"]
[PlyCount "65"]
[EventDate "2014.01.09"]
[EventRounds "10"]
[EventCountry "IND"]

1. e4 c5 2. Nf3 d6 3. d4 cxd4 4. Nxd4 Nf6 5. Nc3 Nc6 6. Bg5 e6 7. Qd2 a6 8.
O-O-O Bd7 9. f4 b5 10. Nxc6 Bxc6 11. Qe1 Be7 12. Bxf6 gxf6 13. f5 Qb6 14. fxe6
fxe6 15. Bd3 Qc5 16. Kb1 a5 17. Qg3 b4 18. Ne2 a4 19. Qg7 Kd7 20. Nf4 a3 21.
Qg4 Qe5 22. bxa3 bxa3 23. Kc1 Rhg8 24. Qf3 f5 25. Rde1 Ra4 26. Rhf1 Bg5 27. Kd1
Rb4 28. Qh5 Rg7 29. Nxe6 Qxe6 30. Rxf5 Rb1+ 31. Ke2 Rxe1+ 32. Kxe1 Bxe4 33. Bf1
0-1

[Event "12th Delhi International Grandmasters Chess Tourna"]
[Site "Ludlow Castle,New Delhi (INDIA)"]
[Date "2014.01.09"]
[Round "1"]
[Board "4"]
[White "Barbosa, Oliver"]
[Black "Singh, S. Vikramjit"]
[Result "1-0"]
[WhiteElo "2579"]
[BlackElo "2235"]
[PlyCount "91"]
[EventDate "2014.01.09"]
[EventRounds "10"]
[EventCountry "IND"]

1. d4 Nf6 2. c4 g6 3. Nc3 Bg7 4. e4 d6 5. f3 O-O 6. Be3 c5 7. Nge2 Nc6 8. d5
Ne5 9. Ng3 h5 10. Be2 h4 11. Nf1 e6 12. Nd2 exd5 13. cxd5 h3 14. g3 a6 15. a4
Bd7 16. a5 b5 17. axb6 Qxb6 18. Ra2 Bb5 19. O-O Rfb8 20. g4 Qd8 21. g5 Nh7 22.
f4 Nd7 23. Bxb5 axb5 24. Rxa8 Rxa8 25. Nxb5 Qb6 26. Na3 Qxb2 27. Nac4 Qc3 28.
Qb3 Qxb3 29. Nxb3 Bf8 30. Nbd2 f6 31. Rb1 Ra7 32. Kf2 fxg5 33. fxg5 Be7 34. Nf3
Ra2+ 35. Kg3 Rc2 36. Rc1 Re2 37. Ng1 Ra2 38. Nxh3 Kg7 39. Bf4 Re2 40. Kf3 Ra2
41. Rb1 Ra4 42. Rb7 Rxc4 43. Rxd7 Rc3+ 44. Kg4 Kf8 45. Bxd6 Bxd6 46. Rxd6 1-0

[Event "12th Delhi International Grandmasters Chess Tourna"]
[Site "Ludlow Castle,New Delhi (INDIA)"]
[Date "2014.01.09"]
[Round "1"]
[Board "6"]
[White "Evdokimov, Alexander A."]
[Black "Pranav, Vijay"]
[Result "1-0"]
[WhiteElo "2558"]
[BlackElo "2229"]
[PlyCount "107"]
[EventDate "2014.01.09"]
[EventRounds "10"]
[EventCountry "IND"]

1. Nf3 Nf6 2. c4 g6 3. Nc3 d5 4. cxd5 Nxd5 5. Qa4+ c6 6. Qd4 Rg8 7. e4 Bg7 8.
Qa4 Nb6 9. Qa5 Bg4 10. Ng5 e5 11. h3 Bc8 12. Nf3 f6 13. b3 Be6 14. Ba3 Kf7 15.
Rd1 c5 16. Bxc5 Nc6 17. Qa3 Bf8 18. Bb5 Bxc5 19. Qxc5 Nd4 20. Nxd4 exd4 21. Ne2
a6 22. Bd3 Rc8 23. Qb4 Nd7 24. Qxd4 Ne5 25. Qxd8 Rgxd8 26. Bb1 Nd3+ 27. Bxd3
Rxd3 28. Rc1 Rcd8 29. Rc7+ Kg8 30. Rc2 Bf7 31. Nc1 R3d4 32. d3 a5 33. Ke2 f5
34. f3 a4 35. g4 axb3 36. axb3 Be8 37. gxf5 gxf5 38. Rg1+ Kh8 39. Rg5 Bb5 40.
Rc3 Bd7 41. h4 h6 42. Rg1 Bb5 43. Ke3 R4d7 44. Rg6 Kh7 45. Rb6 Bc6 46. b4 f4+
47. Kxf4 Rf7+ 48. Ke3 Rdf8 49. b5 Rxf3+ 50. Kd2 Rf2+ 51. Ne2 Be8 52. Rc7+ Kg8
53. Rbxb7 Rg2 54. Kc3 1-0

[Event "12th Delhi International Grandmasters Chess Tourna"]
[Site "Ludlow Castle,New Delhi (INDIA)"]
[Date "2014.01.09"]
[Round "1"]
[Board "7"]
[White "Imocha, Laishram"]
[Black "Gagunashvili, Merab"]
[Result "0-1"]
[WhiteElo "2207"]
[BlackElo "2547"]
[PlyCount "100"]
[EventDate "2014.01.09"]
[EventRounds "10"]
[EventCountry "IND"]

1. d4 d5 2. Nf3 Nf6 3. g3 Bf5 4. Bg2 e6 5. O-O c6 6. Ne5 Be7 7. c4 Nbd7 8. Nc3
O-O 9. Nxd7 Qxd7 10. cxd5 exd5 11. Bg5 Ne8 12. Bf4 Bh3 13. Qd3 h5 14. Rad1 Rd8
15. Rfe1 Bd6 16. Bg5 f6 17. Bc1 Bxg2 18. Kxg2 f5 19. Bg5 Be7 20. Bf4 Bd6 21.
Bg5 Rc8 22. Qf3 g6 23. e3 Be7 24. Bh6 Rf7 25. h4 Qe6 26. Qe2 Nd6 27. Bf4 Ne4
28. Qc2 Kh7 29. Ne2 Bf6 30. f3 Nd6 31. Bxd6 Qxd6 32. Nf4 Re8 33. e4 dxe4 34.
fxe4 Rxe4 35. Rxe4 fxe4 36. Qxe4 Bxh4 37. Rh1 Re7 38. Qd3 Bg5 39. Rxh5+ Bh6 40.
Rh4 Kg7 41. Rg4 Bxf4 42. gxf4 Qd5+ 43. Kg3 Re4 44. f5 Rxg4+ 45. Kxg4 Qg2+ 46.
Kf4 g5+ 47. Ke3 Qg3+ 48. Ke2 Qxd3+ 49. Kxd3 Kf6 50. Ke4 a5 0-1

[Event "12th Delhi International Grandmasters Chess Tourna"]
[Site "Ludlow Castle,New Delhi (INDIA)"]
[Date "2014.01.09"]
[Round "1"]
[Board "8"]
[White "Vaibhav, Suri"]
[Black "Surendran, N."]
[Result "0-1"]
[WhiteElo "2547"]
[BlackElo "2202"]
[PlyCount "132"]
[EventDate "2014.01.09"]
[EventRounds "10"]
[EventCountry "IND"]

1. e4 c5 2. Nf3 d6 3. d4 cxd4 4. Nxd4 Nf6 5. Nc3 a6 6. Be2 e5 7. Nb3 Be7 8. O-O
O-O 9. Re1 Be6 10. Bf3 Nbd7 11. a4 Qb8 12. Nd2 Rc8 13. Nf1 Bd8 14. Ne3 Ba5 15.
Bd2 Qc7 16. Qe2 Re8 17. Red1 Bb6 18. h3 Bd4 19. Be1 Nc5 20. Nf5 Bxc3 21. Bxc3
d5 22. Nxg7 Kxg7 23. exd5 Bf5 24. d6 Qc8 25. Qe3 Ncd7 26. Rd2 Rb8 27. a5 Bg6
28. Ra4 Qc5 29. Qg5 h6 30. Qh4 b5 31. axb6 Qxb6 32. Rb4 Qd8 33. Rc4 Re6 34. Rc6
Ne4 35. Qxd8 Rxd8 36. Bxe4 Bxe4 37. Rxa6 Ra8 38. Rxa8 Bxa8 39. Ba5 Re8 40. c4
Rb8 41. b4 Kf6 42. b5 Ke6 43. f3 Bb7 44. Bb4 Rc8 45. c5 Rxc5 46. Bxc5 Nxc5 47.
Kf2 f5 48. g3 Bd5 49. Ke3 Kxd6 50. Rc2 Bb7 51. Rc4 e4 52. f4 Nd7 53. Kd4 Nf8
54. g4 Ne6+ 55. Ke3 Nc7 56. gxf5 Nxb5 57. Rc2 Ke7 58. Rg2 Nd6 59. Rg7+ Kf8 60.
Rc7 Nxf5+ 61. Kf2 e3+ 62. Ke2 Bg2 63. h4 Bh3 64. Kf3 h5 65. Rc1 Bg4+ 66. Ke4 e2
0-1

[Event "12th Delhi International Grandmasters Chess Tourna"]
[Site "Ludlow Castle,New Delhi (INDIA)"]
[Date "2014.01.09"]
[Round "1"]
[Board "9"]
[White "Joshi, Govind Ballabh"]
[Black "Gomez, John Paul"]
[Result "0-1"]
[WhiteElo "2201"]
[BlackElo "2541"]
[PlyCount "40"]
[EventDate "2014.01.09"]
[EventRounds "10"]
[EventCountry "IND"]

1. c4 e5 2. Nc3 Bb4 3. g3 Bxc3 4. dxc3 d6 5. Bg2 f5 6. Nf3 Nf6 7. Nd2 O-O 8. e4
f4 9. Nf3 Kh8 10. O-O Bg4 11. gxf4 exf4 12. e5 Nfd7 13. exd6 Nc6 14. h3 Bxf3
15. Bxf3 cxd6 16. Kh2 Nde5 17. Rg1 Qh4 18. Kg2 Rf5 19. Bg4 f3+ 20. Kh2 Nxg4+
0-1

[Event "12th Delhi International Grandmasters Chess Tourna"]
[Site "Ludlow Castle,New Delhi (INDIA)"]
[Date "2014.01.09"]
[Round "1"]
[Board "16"]
[White "Grover, Sahaj"]
[Black "Ritviz, Parab"]
[Result "1-0"]
[WhiteElo "2478"]
[BlackElo "2141"]
[PlyCount "53"]
[EventDate "2014.01.09"]
[EventRounds "10"]
[EventCountry "IND"]

1. e4 e5 2. Nf3 Nc6 3. Bb5 a6 4. Ba4 Nf6 5. O-O Be7 6. Qe2 b5 7. Bb3 O-O 8. c3
d6 9. Rd1 Na5 10. Bc2 c5 11. d4 Qc7 12. d5 Bd7 13. b3 c4 14. b4 Nb7 15. a4 g6
16. h3 Nh5 17. Be3 Ng7 18. Nbd2 f5 19. exf5 gxf5 20. Bh6 Bf6 21. Nf1 a5 22.
axb5 axb4 23. Rxa8 Rxa8 24. cxb4 Qb6 25. Ng3 e4 26. Bxe4 Re8 27. Qxc4 1-0

[Event "12th Delhi International Grandmasters Chess Tourna"]
[Site "Ludlow Castle,New Delhi (INDIA)"]
[Date "2014.01.09"]
[Round "1"]
[Board "18"]
[White "Karthikeyan, Murali"]
[Black "Ivana Maria, Furtado"]
[Result "1-0"]
[WhiteElo "2472"]
[BlackElo "2138"]
[PlyCount "57"]
[EventDate "2014.01.09"]
[EventRounds "10"]
[EventCountry "IND"]

1. e4 e6 2. d4 d5 3. Nd2 Nf6 4. Bd3 c5 5. e5 Nfd7 6. c3 Nc6 7. Ne2 cxd4 8. cxd4
f6 9. exf6 Nxf6 10. Nf3 Bd6 11. O-O Qc7 12. Bg5 O-O 13. Nc3 a6 14. Bh4 Nh5 15.
Rc1 g6 16. Na4 Qa5 17. Bg3 Nxg3 18. hxg3 Rxf3 19. gxf3 Nxd4 20. Bxg6 e5 21. Bh5
Bh3 22. Re1 Rf8 23. f4 Nc6 24. Nc5 Qxa2 25. Nxb7 Bb4 26. Rxc6 Bxe1 27. Qxe1
Qxb2 28. Nd6 exf4 29. Bf7+ 1-0

[Event "12th Delhi International Grandmasters Chess Tourna"]
[Site "Ludlow Castle,New Delhi (INDIA)"]
[Date "2014.01.10"]
[Round "2"]
[Board "1"]
[White "Kravtsiv, Martyn"]
[Black "Himanshu, Sharma"]
[Result "1-0"]
[WhiteElo "2628"]
[BlackElo "2346"]
[PlyCount "69"]
[EventDate "2014.01.09"]
[EventRounds "10"]
[EventCountry "IND"]

1. e4 c5 2. Nf3 e6 3. d4 cxd4 4. Nxd4 Nc6 5. Nc3 Qc7 6. Be2 a6 7. O-O Nf6 8.
Be3 Be7 9. f4 d6 10. Qe1 O-O 11. Qg3 Bd7 12. Rae1 b5 13. a3 Nxd4 14. Bxd4 Bc6
15. Kh1 Qb7 16. Bd3 b4 17. Nd1 g6 18. Nf2 bxa3 19. bxa3 d5 20. Bxf6 Bxf6 21. f5
Bg7 22. Ng4 exf5 23. exf5 Rfe8 24. Rb1 Qa7 25. Qh4 Rab8 26. Rbd1 Bb5 27. f6 Bf8
28. Bxg6 fxg6 29. f7+ Kh8 30. fxe8=Q Rxe8 31. Nf6 Rc8 32. Rf4 h6 33. Nxd5 g5
34. Rxf8+ Rxf8 35. Qxh6+ 1-0

[Event "12th Delhi International Grandmasters Chess Tourna"]
[Site "Ludlow Castle,New Delhi (INDIA)"]
[Date "2014.01.10"]
[Round "2"]
[Board "2"]
[White "Karthikeyan, P."]
[Black "Pantsulaia, Levan"]
[Result "0-1"]
[WhiteElo "2342"]
[BlackElo "2614"]
[PlyCount "74"]
[EventDate "2014.01.09"]
[EventRounds "10"]
[EventCountry "IND"]

1. d4 Nf6 2. c4 c5 3. d5 e6 4. Nc3 exd5 5. cxd5 d6 6. e4 g6 7. f4 Bg7 8. Bb5+
Nfd7 9. a4 Qh4+ 10. g3 Qd8 11. Nf3 O-O 12. O-O Na6 13. Re1 Nb4 14. e5 a6 15. e6
axb5 16. e7 Qa5 17. e8=Q Rxe8 18. Rxe8+ Nf8 19. Nxb5 Bf5 20. Rxa8 Qxa8 21. Bd2
Bxb2 22. Nxd6 Bc2 23. Qe1 Qd8 24. Bxb4 cxb4 25. Ra2 Bc3 26. Qf2 Bb3 27. Ne4
Qxd5 28. Re2 Qd1+ 29. Kg2 Bxa4 30. Ne5 Bxe5 31. fxe5 Bc6 32. Kh3 Ne6 33. Nd6
Ng5+ 34. Kg4 h6 35. Nxf7 Nxf7 36. e6 Ng5 37. Kh4 Nf3+ 0-1

[Event "12th Delhi International Grandmasters Chess Tourna"]
[Site "Ludlow Castle,New Delhi (INDIA)"]
[Date "2014.01.10"]
[Round "2"]
[Board "3"]
[White "Gupta, Abhijeet"]
[Black "Prince, Bajaj"]
[Result "1-0"]
[WhiteElo "2606"]
[BlackElo "2337"]
[PlyCount "60"]
[EventDate "2014.01.09"]
[EventRounds "10"]
[EventCountry "IND"]

1. Nf3 Nf6 2. g3 d5 3. Bg2 c6 4. c4 dxc4 5. O-O g6 6. Na3 Bg7 7. Nxc4 O-O 8. d3
Be6 9. Qc2 Na6 10. Bd2 h6 11. b4 c5 12. b5 Nb4 13. Qc1 Kh7 14. a3 Nbd5 15. Rb1
Qc8 16. Na5 Nd7 17. e4 N5b6 18. Bc3 a6 19. Bxg7 Kxg7 20. Qc2 Bg4 21. Rfc1 f6
22. Nd2 Qc7 23. h3 Be6 24. d4 Nc8 25. bxa6 b6 26. d5 Bf7 27. Nc6 Rxa6 28. Nc4
Nd6 29. e5 fxe5 30. N4xe5 Nxe5 1-0

[Event "12th Delhi International Grandmasters Chess Tourna"]
[Site "Ludlow Castle,New Delhi (INDIA)"]
[Date "2014.01.10"]
[Round "2"]
[Board "4"]
[White "Saravanan, V."]
[Black "Barbosa, Oliver"]
[Result "1/2-1/2"]
[WhiteElo "2341"]
[BlackElo "2579"]
[PlyCount "135"]
[EventDate "2014.01.09"]
[EventRounds "10"]
[EventCountry "IND"]

1. Nf3 d5 2. d4 Nf6 3. c4 c6 4. e3 Bf5 5. Nc3 e6 6. Nh4 Be4 7. f3 Bg6 8. Qb3
Qc7 9. Bd2 Be7 10. g3 a6 11. Rc1 Nbd7 12. cxd5 exd5 13. Nxd5 Nxd5 14. Qxd5 Qd8
15. Qb3 Bxh4 16. gxh4 c5 17. Bd3 Bh5 18. O-O Qxh4 19. Qd5 Bg6 20. dxc5 Rc8 21.
Be1 Qe7 22. Bxg6 hxg6 23. Bg3 Rxc5 24. Rxc5 Nxc5 25. e4 Ne6 26. Rc1 Qd7 27.
Qxd7+ Kxd7 28. Rd1+ Ke7 29. Bd6+ Kf6 30. Rd5 Rc8 31. Rd2 g5 32. Kf2 Rc1 33. Ke3
b5 34. Bb4 Kg6 35. Rd6 Rc2 36. Bc3 a5 37. Rd2 Rxd2 38. Bxd2 a4 39. Kd3 Kh5 40.
Kc3 Kh4 41. Be1+ Kh3 42. Bg3 Kg2 43. Kb4 Nd4 44. Kc5 Ne2 45. Bd6 Kxf3 46. e5
Ke4 47. Kxb5 Kd5 48. Kxa4 f5 49. exf6 gxf6 50. Be7 Ke6 51. Bd8 g4 52. Kb5 f5
53. Bb6 Kd5 54. a4 Nd4+ 55. Bxd4 Kxd4 56. a5 f4 57. a6 f3 58. a7 f2 59. a8=Q
f1=Q+ 60. Kb6 Qf2 61. Qh8+ Ke4+ 62. Kc6 Qc2+ 63. Kd6 Qd3+ 64. Ke7 Kf3 65. Qe5
Kg2 66. b4 Qh7+ 67. Kd8 Qxh2 68. Qxh2+ 1/2-1/2

[Event "12th Delhi International Grandmasters Chess Tourna"]
[Site "Ludlow Castle,New Delhi (INDIA)"]
[Date "2014.01.10"]
[Round "2"]
[Board "5"]
[White "Lalith, Babu M.R."]
[Black "Nitin, S."]
[Result "1-0"]
[WhiteElo "2579"]
[BlackElo "2331"]
[PlyCount "73"]
[EventDate "2014.01.09"]
[EventRounds "10"]
[EventCountry "IND"]

1. d4 g6 2. c4 Bg7 3. Nc3 c5 4. d5 Bxc3+ 5. bxc3 f5 6. e4 fxe4 7. f3 e6 8. Qc2
Nf6 9. fxe4 exd5 10. e5 Qe7 11. Nf3 d6 12. cxd5 dxe5 13. Bg5 Bf5 14. Bb5+ Nbd7
15. Qb3 O-O-O 16. O-O Nb6 17. c4 h6 18. Bh4 e4 19. Nd2 Qe5 20. Bxf6 Qxf6 21.
Nxe4 Qd4+ 22. Nf2 Bd7 23. Rad1 Qf4 24. g3 Qe5 25. a4 Bxb5 26. Qxb5 Kb8 27. a5
Nc8 28. Qxc5 Nd6 29. Qb4 Nf5 30. Rfe1 Qc7 31. Ne4 Rhe8 32. Nc5 Rxe1+ 33. Rxe1
Kc8 34. Ne6 Qd6 35. c5 Qxd5 36. Nxd8 Kxd8 37. c6 1-0

[Event "12th Delhi International Grandmasters Chess Tourna"]
[Site "Ludlow Castle,New Delhi (INDIA)"]
[Date "2014.01.10"]
[Round "2"]
[Board "6"]
[White "Kulkarni, Vikramaditya"]
[Black "Evdokimov, Alexander A."]
[Result "0-1"]
[WhiteElo "2336"]
[BlackElo "2558"]
[PlyCount "50"]
[EventDate "2014.01.09"]
[EventRounds "10"]
[EventCountry "IND"]

1. e4 c5 2. Nf3 d6 3. c3 Nf6 4. g3 Nbd7 5. d3 c4 6. dxc4 Nxe4 7. Nbd2 Nef6 8.
Bg2 e6 9. O-O Be7 10. Ng5 Qc7 11. Qe2 O-O 12. Nde4 h6 13. Nxf6+ Nxf6 14. Ne4
Bd7 15. Bf4 Rfd8 16. Rfd1 Bc6 17. b3 Nxe4 18. Bxe4 Bxe4 19. Qxe4 Rd7 20. Rd3
Rad8 21. Rad1 Bf6 22. g4 Qb6 23. Qe3 Qa5 24. a4 d5 25. Qf3 e5 0-1

[Event "12th Delhi International Grandmasters Chess Tourna"]
[Site "Ludlow Castle,New Delhi (INDIA)"]
[Date "2014.01.10"]
[Round "2"]
[Board "7"]
[White "Gagunashvili, Merab"]
[Black "Visakh, Nr"]
[Result "1-0"]
[WhiteElo "2547"]
[BlackElo "2330"]
[PlyCount "81"]
[EventDate "2014.01.09"]
[EventRounds "10"]
[EventCountry "IND"]

1. d4 Nf6 2. c4 e6 3. Nf3 d5 4. Nc3 Be7 5. Bf4 O-O 6. e3 Nbd7 7. Be2 c5 8. cxd5
Nxd5 9. Nxd5 exd5 10. O-O Nf6 11. dxc5 Bxc5 12. Rc1 Bd6 13. Bxd6 Qxd6 14. Nd4
Be6 15. Qb3 Qe7 16. Qa4 a6 17. Qa5 Rac8 18. Qb6 Rfd8 19. Nb3 g6 20. Na5 Rxc1
21. Rxc1 Rc8 22. Rxc8+ Bxc8 23. Bf3 Kg7 24. Nb3 Qe5 25. Nd4 Qe7 26. h3 Be6 27.
a4 Qd7 28. a5 Ne8 29. Nb3 Qe7 30. Nc5 Nd6 31. Qb4 Kg8 32. Nxb7 Qxb7 33. Qxd6
Qxb2 34. Qxa6 Qa1+ 35. Kh2 Qe5+ 36. g3 Qf5 37. Bg2 Qxf2 38. Qb7 Bf5 39. Qxd5
Qe2 40. Qa8+ Kg7 41. a6 1-0

[Event "12th Delhi International Grandmasters Chess Tourna"]
[Site "Ludlow Castle,New Delhi (INDIA)"]
[Date "2014.01.10"]
[Round "2"]
[Board "8"]
[White "Gomez, John Paul"]
[Black "Faizulaev, Akmal"]
[Result "1/2-1/2"]
[WhiteElo "2541"]
[BlackElo "2314"]
[PlyCount "99"]
[EventDate "2014.01.09"]
[EventRounds "10"]
[EventCountry "IND"]

1. c4 Nf6 2. Nc3 g6 3. e4 d6 4. g3 Bg7 5. Bg2 O-O 6. Nge2 e5 7. O-O Nc6 8. d3
Nh5 9. f4 exf4 10. Nxf4 Nxf4 11. Bxf4 Ne5 12. Qd2 Be6 13. h3 h5 14. Be3 c5 15.
Rae1 a6 16. b3 Qa5 17. Rc1 b5 18. Kh2 Rab8 19. Bg5 Rfe8 20. Bf6 Bxf6 21. Rxf6
Kg7 22. Rcf1 Qd8 23. R6f2 Rf8 24. cxb5 axb5 25. d4 cxd4 26. Qxd4 Qb6 27. Qd2
Rbc8 28. Ne2 b4 29. Nd4 Rfe8 30. Nf5+ Bxf5 31. exf5 Rc3 32. Re1 Rd3 33. Qb2 Qc5
34. Be4 Re3 35. Rxe3 Qxe3 36. Bd5 Rc8 37. Qd2 Qxd2 38. f6+ Kh6 39. Rxd2 Kg5 40.
Be4 Kxf6 41. Rxd6+ Ke7 42. Rb6 Rd8 43. Rxb4 Rd2+ 44. Kg1 Rxa2 45. Rb6 Rb2 46.
Bd5 Rd2 47. Bc4 Nf3+ 48. Kf1 Nh2+ 49. Kg1 Nf3+ 50. Kf1 1/2-1/2

[Event "12th Delhi International Grandmasters Chess Tourna"]
[Site "Ludlow Castle,New Delhi (INDIA)"]
[Date "2014.01.10"]
[Round "2"]
[Board "9"]
[White "Pradeep, Kumar R.A."]
[Black "Sanikidze, Tornike"]
[Result "0-1"]
[WhiteElo "2312"]
[BlackElo "2541"]
[PlyCount "120"]
[EventDate "2014.01.09"]
[EventRounds "10"]
[EventCountry "IND"]

1. Nf3 Nf6 2. c4 g6 3. g3 Bg7 4. Bg2 d5 5. cxd5 Nxd5 6. O-O e5 7. Nc3 O-O 8.
Nxd5 Qxd5 9. d3 c6 10. Be3 Na6 11. Qa4 h6 12. Qh4 Qd8 13. Qxd8 Rxd8 14. Nd2 Nb4
15. Bc5 Nd5 16. Rac1 b6 17. Ba3 c5 18. Ne4 Bb7 19. Rfd1 Rab8 20. Nc3 Nxc3 21.
bxc3 Bxg2 22. Kxg2 e4 23. Bb2 exd3 24. exd3 Rd6 25. Kf1 b5 26. Rc2 Rbd8 27. Ke2
a5 28. Ba3 b4 29. cxb4 axb4 30. Bb2 Bf8 31. Bc1 Ra6 32. Be3 Rda8 33. Rdd2 Ra5
34. Kf1 f5 35. h4 Kf7 36. d4 c4 37. Rxc4 Rxa2 38. Rc7+ Ke8 39. Rb7 h5 40. Bg5
Bd6 41. Ke2 R2a7 42. Rb6 Kd7 43. Bf4 Ra6 44. Rxd6+ Rxd6 45. Bxd6 Kxd6 46. Rb2
Ra4 47. Rd2 Kd5 48. Rd1 Ra2+ 49. Ke3 b3 50. Rc1 Rc2 51. Ra1 b2 52. Rb1 Kc4 53.
Kf4 Kb3 54. d5 Rxf2+ 55. Kg5 Rd2 56. Kxg6 Rxd5 57. Kxh5 f4+ 58. Kg4 fxg3 59.
Kxg3 Rd4 60. h5 Kc2 0-1

[Event "12th Delhi International Grandmasters Chess Tourna"]
[Site "Ludlow Castle,New Delhi (INDIA)"]
[Date "2014.01.10"]
[Round "2"]
[Board "10"]
[White "Akash Pc, Iyer"]
[Black "Venkatesh, M.R."]
[Result "0-1"]
[WhiteElo "2304"]
[BlackElo "2524"]
[PlyCount "52"]
[EventDate "2014.01.09"]
[EventRounds "10"]
[EventCountry "IND"]

1. c4 e6 2. e4 c5 3. Nf3 Nc6 4. d4 cxd4 5. Nxd4 Nf6 6. Nc3 Qc7 7. Nxc6 dxc6 8.
Be3 Qa5 9. Bd3 Bc5 10. Qe2 e5 11. O-O Bg4 12. f3 Be6 13. Kh1 Bxe3 14. Qxe3 O-O
15. Rac1 Nd7 16. a3 Qb6 17. Qe2 Nc5 18. b4 Nxd3 19. Qxd3 Rfd8 20. Qc2 Qe3 21.
Rfe1 Qg5 22. Red1 Qe3 23. c5 Rd4 24. Qe2 Qg5 25. Nb1 Rad8 26. Rxd4 Qxc1+ 0-1

[Event "12th Delhi International Grandmasters Chess Tourna"]
[Site "Ludlow Castle,New Delhi (INDIA)"]
[Date "2014.01.10"]
[Round "2"]
[Board "13"]
[White "Puranik, Abhimanyu"]
[Black "Grover, Sahaj"]
[Result "0-1"]
[WhiteElo "2286"]
[BlackElo "2478"]
[PlyCount "62"]
[EventDate "2014.01.09"]
[EventRounds "10"]
[EventCountry "IND"]

1. e4 e5 2. Nf3 Nc6 3. Bb5 a6 4. Ba4 Nge7 5. Nc3 g6 6. d4 exd4 7. Nxd4 Bg7 8.
Be3 O-O 9. O-O d6 10. Nxc6 Nxc6 11. Bxc6 bxc6 12. Bd4 f6 13. f4 c5 14. Be3 Rb8
15. f5 Rxb2 16. Qd5+ Kh8 17. Rab1 Rxb1 18. Rxb1 Qe8 19. Bd2 Bd7 20. Qd3 Qe5 21.
g4 gxf5 22. gxf5 c6 23. Rb7 Bc8 24. Rb6 Rg8 25. Kh1 d5 26. Qg3 Qd4 27. Qd3 Qf2
28. Nd1 Qh4 29. exd5 Bh6 30. Nc3 Bxd2 31. Qxd2 Qh3 0-1

[Event "12th Delhi International Grandmasters Chess Tourna"]
[Site "Ludlow Castle,New Delhi (INDIA)"]
[Date "2014.01.10"]
[Round "3"]
[Board "1"]
[White "Deepan, Chakkravarthy J."]
[Black "Kravtsiv, Martyn"]
[Result "1/2-1/2"]
[WhiteElo "2475"]
[BlackElo "2628"]
[PlyCount "37"]
[EventDate "2014.01.09"]
[EventRounds "10"]
[EventCountry "IND"]

1. d4 Nf6 2. c4 e6 3. Nf3 d5 4. Nc3 Bb4 5. Qa4+ Nc6 6. e3 O-O 7. Bd2 Bd7 8. Qc2
a6 9. a3 Be7 10. h3 Re8 11. Ne5 dxc4 12. Bxc4 Bd6 13. Nxd7 Qxd7 14. O-O e5 15.
d5 Ne7 16. Rfd1 Ng6 17. e4 Nh5 18. Be3 Nh4 19. Bf1 1/2-1/2

[Event "12th Delhi International Grandmasters Chess Tourna"]
[Site "Ludlow Castle,New Delhi (INDIA)"]
[Date "2014.01.10"]
[Round "3"]
[Board "2"]
[White "Pantsulaia, Levan"]
[Black "Gasanov, Eldar"]
[Result "0-1"]
[WhiteElo "2614"]
[BlackElo "2469"]
[PlyCount "122"]
[EventDate "2014.01.09"]
[EventRounds "10"]
[EventCountry "IND"]

1. Nf3 d6 2. g3 e5 3. Bg2 f5 4. c4 Nf6 5. Nc3 Be7 6. O-O O-O 7. d3 Qe8 8. Bg5
h6 9. Bxf6 Bxf6 10. Nd2 a5 11. c5 a4 12. cxd6 cxd6 13. Nd5 Bd8 14. Nc4 Be6 15.
b3 a3 16. e4 Bxd5 17. exd5 b5 18. Ne3 Bb6 19. Nc2 Nd7 20. Nb4 f4 21. Rc1 fxg3
22. hxg3 Qg6 23. Rc6 Bc5 24. Nc2 Nf6 25. Rxc5 dxc5 26. Ne3 Rae8 27. Bh3 e4 28.
d4 cxd4 29. Qxd4 Nh7 30. Bd7 Rd8 31. Bxb5 Ng5 32. Qd1 Rf3 33. Kg2 h5 34. Bc4 h4
35. d6+ Kh7 36. Qd5 Rxe3 37. fxe3 Nf3 38. Kf2 hxg3+ 39. Kg2 Rxd6 40. Rh1+ Nh2
41. Qg8+ Kh6 42. Be2 Rd2 43. Re1 Nf3 44. Rh1+ Nh2 45. Re1 Nf3 46. Rh1+ Kg5 47.
Qc4 Nh4+ 48. Kxg3 Kf5+ 49. Kxh4 Qh6+ 50. Kg3 Qxe3+ 51. Kh4 Qh6+ 52. Kg3 Qe3+
53. Kh4 g5+ 54. Kh5 Qxe2+ 55. Qxe2 Rxe2 56. Rf1+ Ke5 57. Kxg5 Rg2+ 58. Kh4 e3
59. b4 e2 60. Rb1 Kf4 61. Kh3 Rf2 0-1

[Event "12th Delhi International Grandmasters Chess Tourna"]
[Site "Ludlow Castle,New Delhi (INDIA)"]
[Date "2014.01.10"]
[Round "3"]
[Board "3"]
[White "Narayanan, Srinath"]
[Black "Gupta, Abhijeet"]
[Result "0-1"]
[WhiteElo "2414"]
[BlackElo "2606"]
[PlyCount "90"]
[EventDate "2014.01.09"]
[EventRounds "10"]
[EventCountry "IND"]

1. e4 c5 2. Nf3 d6 3. d4 cxd4 4. Nxd4 Nf6 5. Nc3 Nc6 6. f3 e5 7. Nb3 Be7 8. Be3
O-O 9. Qd2 a5 10. Bb5 Na7 11. Be2 Nc6 12. Bb5 Be6 13. Rd1 Na7 14. Be2 Nc8 15.
Qc1 Qc7 16. Nb5 Qc6 17. c4 a4 18. Nd2 Bd8 19. b3 axb3 20. axb3 Nh5 21. Nb1 Nf4
22. Bxf4 exf4 23. Qxf4 Qc5 24. Qd2 Ba5 25. N5c3 Bb4 26. Qd4 Qg5 27. h4 Qf4 28.
Kf1 Ne7 29. Qd2 Qf6 30. Qg5 Bxc3 31. Nxc3 Qxc3 32. Qxe7 Qxb3 33. Qxd6 Ra2 34.
Kf2 Bxc4 35. Rhe1 h6 36. Rd2 b5 37. Bxc4 bxc4 38. Rxa2 Qxa2+ 39. Kg3 Re8 40.
Qc6 Re6 41. Qc8+ Kh7 42. h5 Qd2 43. Ra1 Re5 44. f4 Qe3+ 45. Kg4 Qxe4 0-1